Conflictos y judicialización de la política en la Sierra Nevada de Santa Marta (Record no. 69010)

MARC details
000 -LEADER
campo de control de longitud fija 00736nmm a2200217Ia 4500
008 - DATOS DE LONGITUD FIJA--INFORMACIÓN GENERAL
campo de control de longitud fija 251105s9999||||xx |||||||||||||||||und||
020 ## - NÚMERO INTERNACIONAL ESTÁNDAR DEL LIBRO
Número Internacional Estándar del Libro 9789587381405
041 ## - CÓDIGO DE IDIOMA
Código de lengua del texto/banda sonora o título independiente spa
100 ## - ENTRADA PRINCIPAL--NOMBRE DE PERSONA
Nombre de persona Mora Rodríguez, Alexandra
245 #0 - MENCIÓN DEL TÍTULO
Título Conflictos y judicialización de la política en la Sierra Nevada de Santa Marta
264 ## - PRODUCCIÓN, PUBLICACIÓN, DISTRIBUCIÓN, FABRICACIÓN Y COPYRIGHT
Producción, publicación, distribución, fabricación y copyright [Bogotá, Colombia] :
Nombre del de productor, editor, distribuidor, fabricante Universidad del Rosario,
Fecha de producción, publicación, distribución, fabricación o copyright 2010
300 ## - DESCRIPCIÓN FÍSICA
Extensión 262 páginas
490 ## - MENCIÓN DE SERIE
Mención de serie Textos de Jurisprudencia
650 ## - PUNTO DE ACCESO ADICIONAL DE MATERIA--TÉRMINO DE MATERIA
Término de materia o nombre geográfico como elemento de entrada Political Science (General)
700 ## - ENTRADA AGREGADA--NOMBRE PERSONAL
Nombre de persona Mora Rodríguez, Alexandra
700 1# - ENTRADA AGREGADA--NOMBRE PERSONAL
Nombre de persona Naranjo Peña, Edgar
700 1# - ENTRADA AGREGADA--NOMBRE PERSONAL
Nombre de persona Rodríguez, Gloria Amparo
700 1# - ENTRADA AGREGADA--NOMBRE PERSONAL
Nombre de persona Santamaría Chavarro, Ángela
856 ## - LOCALIZACIÓN Y ACCESO ELECTRÓNICOS
Identificador Uniforme de Recursos <a href="https://public.digitaliapublishing.com/a/46321">https://public.digitaliapublishing.com/a/46321</a>
942 ## - ELEMENTOS DE ENTRADA SECUNDARIOS (KOHA)
Tipo de ítem Koha Libro Digital

No items available.

Powered by Koha